| Tag |
First Indicator |
Second Indicator |
Subfields |
| LEADER |
00000cam a2200000Ia 4500 |
| 001 |
in00002314913 |
| 005 |
20190326202649.0 |
| 006 |
m | d | |
| 007 |
cr |n||||||||n |
| 008 |
901115s1797 fr sl f000 0 fre d |
| 040 |
|
|
|a NYG
|c GKS
|d OCL
|d Thomson Gale
|d UtOrBLW
|
| 043 |
|
|
|a e-fr---
|
| 110 |
1 |
|
|a France.
|
| 245 |
1 |
0 |
|a Arrêté du Directoire exécutif qui défend aux individus inscrits sur la liste des Emigrés et non rayés définitivement, de s'introduire dans les îles de la mer Adriatique et pays adjacens assurés à la République française :
|b du 24 brumaire an VI de la République française, une et indivisible.
|
| 264 |
|
1 |
|a Paris :
|b Impr. du Dépôt des lois,
|c [1797]
|
| 300 |
|
|
|a 2 pages
|
| 336 |
|
|
|a text
|b txt
|2 rdacontent
|
| 337 |
|
|
|a computer
|b c
|2 rdamedia
|
| 338 |
|
|
|a online resource
|b cr
|2 rdacarrier
|
| 490 |
1 |
|
|a Bulletin des lois ;
|v no. 157
|
| 500 |
|
|
|a At head of title: Number 605. Bulletin des lois, Number 157.
|
| 500 |
|
|
|a Caption title.
|
| 500 |
|
|
|a Signed: L.M. Révelliere-Lepeaux, président; par le Directoire exécutif, le secrétaire général Lagarde.
|
| 500 |
|
|
|a Reproduction of original from Goldsmiths' Library, University of London.
|
| 500 |
|
|
|a Goldsmiths'-Kress number 17166.
|
| 510 |
4 |
|
|a OCLC,
|c 22693720
|
| 533 |
|
|
|a Electronic reproduction.
|b Farmington Hills, Mich. :
|c Thomson Gale,
|d 2005.
|f (The making of the modern world).
|n Available via the World Wide Web.
|n Access limited to licensing agreements.
|7 s2005 miunns
|
| 500 |
|
|
|a Electronic resource.
|
| 651 |
|
0 |
|a France
|x History
|y Revolution, 1789-1799
|x Refugees.
|
| 650 |
|
0 |
|a Political refugees
|x Legal status, laws, etc.
|z France.
|
| 655 |
|
0 |
|a Electronic books.
|
| 700 |
1 |
|
|a La Revellière-Lépeaux, Louis-Marie de,
|d 1753-1824.
|
| 700 |
1 |
|
|a Lagarde, Joseph-Jean,
|c baron,
|d 1755-1840.
|
| 710 |
1 |
|
|a France.
|b Directoire exécutif.
|
| 830 |
|
0 |
|a Making of the modern world (Goldsmiths'-Kress Library of Economic Literature)
|
| 856 |
4 |
0 |
|u http://proxy.library.tamu.edu/login?url=http://galenet.galegroup.com/servlet/MOME?af=RN&ae=U102604627&srchtp=a&ste=14&locID=txshracd2898
|z Connect to the full text of this electronic book
|t 0
|
| 830 |
|
0 |
|a Bulletin des lois ;
|v no. 157.
|
| 999 |
|
|
|a MARS
|
| 999 |
f |
f |
|s 2a78f23b-9414-3250-be61-a6b6a3ff27fc
|i 587a3d3f-51c7-3346-a05b-8419197199d1
|t 0
|
| 952 |
f |
f |
|a Texas A&M University
|b College Station
|c Electronic Resources
|d Available Online
|t 0
|h No information provided
|
| 998 |
f |
f |
|t 0
|l Available Online
|